| 000 | 00350nam a2200133Ia 4500 | ||
|---|---|---|---|
| 008 | 221007s9999 xx 000 0 und d | ||
| 041 | _aeng | ||
| 082 | _bSAR | ||
| 100 |
_aSarode M B (2K4222) _9102194 |
||
| 245 | _aSales Order Processing for Utility Engineering Co | ||
| 260 |
_c2006 _bPune University _aPune |
||
| 520 | _aVaze S | ||
| 906 | _bGeneral | ||
| 999 |
_c69355 _d69355 |
||